000 00202 a2200097 4500
001 1418
100 _aWilson, F.W
245 _aFixture design, H/Bk of
260 _a
_bMcgrawhill
_c
090 _c967
_d967
942 _aNUST-CAE
_cM
_c36566
999 _c236491
_d236491